| 000 | 00460nam a22001571 4500 | ||
|---|---|---|---|
| 082 | 0 | 0 |
_a684.104 _bFAB _cL-14, P-12 |
| 100 | 2 |
_aDal Fabbro, Mario, _945119 |
|
| 245 | 1 | 0 | _aHow to build modern furniture. |
| 250 | _a2d ed. | ||
| 260 |
_aNew York, _bF. W. Dodge Corp. _c[1957] |
||
| 300 |
_a214 p. _billus. _c26 cm. |
||
| 526 |
_a0 _b0 _c0 _d684_104000000000000_FAB |
||
| 650 | 0 |
_aFurniture making _xAmateurs' manuals. _945120 |
|
| 650 | 0 |
_aMCE _9379 |
|
| 942 |
_2ddc _cBK |
||
| 999 |
_c548713 _d548713 |
||